000 00773cab a2200253 4500
001 ABS58894
008 090401t1998 xxu||||| |||| 00| 0 eng d
035 _a(Sirsi) u87219
041 _aeng
100 _aHigh, P.
245 _aWorking towards a common goal
260 _c1998
350 _a0
490 _aHousing Today
_v(89) 25 June 1998, 19(1)
520 _aDiscusses the traditional way social housing business procures building work and considers how partnering could be applied to social housing refurbishment.
650 _aCONSULTANT
650 _aCONTRACTORS
650 _aPARTNERING
650 _aBUILT ENVIRONMENT-BUILDING MAINTENANCE AND REFURBISHMENT
650 _aSOCIAL HOUSING
690 _aHOUSING
942 _n0
948 _c03/07/1998
999 _c55001
_d55001